<?xml version="1.0" encoding="UTF-8"?>
<record
    xmlns:xsi="http://www.w3.org/2001/XMLSchema-instance"
    xsi:schemaLocation="http://www.loc.gov/MARC21/slim http://www.loc.gov/standards/marcxml/schema/MARC21slim.xsd"
    xmlns="http://www.loc.gov/MARC21/slim">

  <leader>01735nam2a2200301   4500</leader>
  <controlfield tag="001">RU\NLR\BIBL_A\022176115</controlfield>
  <controlfield tag="005">20250625150411.0</controlfield>
  <datafield tag="010" ind1=" " ind2=" ">
    <subfield code="a">978-5-7598-2325-4</subfield>
    <subfield code="9">500</subfield>
  </datafield>
  <datafield tag="035" ind1=" " ind2=" ">
    <subfield code="a">(NLR Aleph) 022176115</subfield>
  </datafield>
  <datafield tag="090" ind1=" " ind2=" ">
    <subfield code="a">12967525</subfield>
    <subfield code="c">12967525</subfield>
  </datafield>
  <datafield tag="100" ind1=" " ind2=" ">
    <subfield code="a">20240322d2021    |||y0rusy50      ca</subfield>
  </datafield>
  <datafield tag="101" ind1="0" ind2=" ">
    <subfield code="a">rus</subfield>
  </datafield>
  <datafield tag="102" ind1=" " ind2=" ">
    <subfield code="a">RU</subfield>
  </datafield>
  <datafield tag="105" ind1=" " ind2=" ">
    <subfield code="a">a|||z|||000zy</subfield>
  </datafield>
  <datafield tag="200" ind1="1" ind2=" ">
    <subfield code="a">&#x41A;&#x440;&#x430;&#x441;&#x43E;&#x442;&#x430; &#x43F;&#x43E;-&#x43F;&#x435;&#x440;&#x441;&#x438;&#x434;&#x441;&#x43A;&#x438;. "&#x421;&#x43E;&#x431;&#x435;&#x441;&#x435;&#x434;&#x43D;&#x438;&#x43A; &#x432;&#x43B;&#x44E;&#x431;&#x43B;&#x435;&#x43D;&#x43D;&#x44B;&#x445;" &#x428;&#x430;&#x440;&#x430;&#x444; &#x430;&#x434;-&#x414;&#x438;&#x43D;&#x430; &#x420;&#x430;&#x43C;&#x438;</subfield>
    <subfield code="d">Of Persian beauty. The Lovers' companion by &#x160;araf ad-D&#x12B;n R&#x101;m&#x12B;</subfield>
    <subfield code="f">&#x41D;.&#x42E;. &#x427;&#x430;&#x43B;&#x438;&#x441;&#x43E;&#x432;&#x430;</subfield>
    <subfield code="z">eng</subfield>
  </datafield>
  <datafield tag="210" ind1=" " ind2=" ">
    <subfield code="d">2021</subfield>
    <subfield code="a">&#x411;. &#x43C;.</subfield>
  </datafield>
  <datafield tag="215" ind1=" " ind2=" ">
    <subfield code="a">430, [1] &#x441;.</subfield>
    <subfield code="c">&#x438;&#x43B;.</subfield>
    <subfield code="d">22</subfield>
  </datafield>
  <datafield tag="320" ind1=" " ind2=" ">
    <subfield code="a">&#x411;&#x438;&#x431;&#x43B;&#x438;&#x43E;&#x433;&#x440;.: &#x441;. 323-335 &#x438; &#x432; &#x43F;&#x43E;&#x434;&#x441;&#x442;&#x440;&#x43E;&#x447;. &#x43F;&#x440;&#x438;&#x43C;&#x435;&#x447;.</subfield>
  </datafield>
  <datafield tag="461" ind1=" " ind2="0">
    <subfield code="1">001RU\NLR\INFOCOMM29\5000539591</subfield>
    <subfield code="1">2001#$aOrientalia et classica$e&#x422;&#x440;. &#x418;&#x43D;-&#x442;&#x430; &#x432;&#x43E;&#x441;&#x442;. &#x43A;&#x443;&#x43B;&#x44C;&#x442;&#x443;&#x440;$f&#x420;&#x43E;&#x441;. &#x433;&#x43E;&#x441;. &#x433;&#x443;&#x43C;&#x430;&#x43D;&#x438;&#x442;. &#x443;&#x43D;-&#x442;$v3 (74)</subfield>
    <subfield code="9">3055532</subfield>
    <subfield code="c">&#x41C;.</subfield>
    <subfield code="d">2002 -</subfield>
    <subfield code="f">&#x420;&#x43E;&#x441;. &#x433;&#x43E;&#x441;. &#x433;&#x443;&#x43C;&#x430;&#x43D;&#x438;&#x442;. &#x443;&#x43D;-&#x442;</subfield>
    <subfield code="n">&#x418;&#x437;&#x434;. &#x446;&#x435;&#x43D;&#x442;&#x440; &#x420;&#x43E;&#x441;. &#x433;&#x43E;&#x441;. &#x433;&#x443;&#x43C;&#x430;&#x43D;&#x438;&#x442;. &#x443;&#x43D;-&#x442;&#x430;</subfield>
    <subfield code="o">&#x422;&#x440;. &#x418;&#x43D;-&#x442;&#x430; &#x432;&#x43E;&#x441;&#x442;. &#x43A;&#x443;&#x43B;&#x44C;&#x442;&#x443;&#x440;</subfield>
    <subfield code="t">Orientalia et classica</subfield>
    <subfield code="v">3 (74)</subfield>
  </datafield>
  <datafield tag="510" ind1="1" ind2=" ">
    <subfield code="a">Of Persian beauty. The Lovers' companion by &#x160;araf ad-D&#x12B;n R&#x101;m&#x12B;</subfield>
    <subfield code="z">eng</subfield>
  </datafield>
  <datafield tag="604" ind1=" " ind2=" ">
    <subfield code="1">700#1$a&#x420;&#x430;&#x43C;&#x438;$b&#x428;. &#x430;&#x434;-&#x414;.$g&#x428;&#x430;&#x440;&#x430;&#x444; &#x430;&#x434;-&#x414;&#x438;&#x43D;$f-&#x43E;&#x43A;. 1392</subfield>
    <subfield code="1">500##$a"&#x421;&#x43E;&#x431;&#x435;&#x441;&#x435;&#x434;&#x43D;&#x438;&#x43A; &#x432;&#x43B;&#x44E;&#x431;&#x43B;&#x435;&#x43D;&#x43D;&#x44B;&#x445;"$2nlr_sh2$3RU\NLR\AUTH\6601707537</subfield>
    <subfield code="a">&#x420;&#x430;&#x43C;&#x438;, &#x428;&#x430;&#x440;&#x430;&#x444; &#x430;&#x434;-&#x414;&#x438;&#x43D; (-&#x43E;&#x43A;. 1392)</subfield>
    <subfield code="t">"&#x421;&#x43E;&#x431;&#x435;&#x441;&#x435;&#x434;&#x43D;&#x438;&#x43A; &#x432;&#x43B;&#x44E;&#x431;&#x43B;&#x435;&#x43D;&#x43D;&#x44B;&#x445;"</subfield>
    <subfield code="9">2519402</subfield>
    <subfield code="3">RU\NLR\AUTH\6601707537</subfield>
  </datafield>
  <datafield tag="686" ind1="1" ind2=" ">
    <subfield code="a">&#x428;5(0)952.314-4&#x420;&#x430;&#x43C;&#x438;</subfield>
  </datafield>
  <datafield tag="700" ind1=" " ind2="1">
    <subfield code="7">ca</subfield>
    <subfield code="8">rus</subfield>
    <subfield code="a">&#x427;&#x430;&#x43B;&#x438;&#x441;&#x43E;&#x432;&#x430;</subfield>
    <subfield code="b">&#x41D;. &#x42E;.</subfield>
    <subfield code="g">&#x41D;&#x430;&#x442;&#x430;&#x43B;&#x44C;&#x44F; &#x42E;&#x440;&#x44C;&#x435;&#x432;&#x43D;&#x430;</subfield>
    <subfield code="9">160398</subfield>
    <subfield code="3">RU\NLR\AUTH\770160440</subfield>
  </datafield>
  <datafield tag="852" ind1=" " ind2=" ">
    <subfield code="a">NLR</subfield>
    <subfield code="j">&#x41F;22/7743</subfield>
  </datafield>
  <datafield tag="942" ind1=" " ind2=" ">
    <subfield code="c">ISSUE</subfield>
  </datafield>
  <datafield tag="980" ind1=" " ind2=" ">
    <subfield code="a">NB</subfield>
  </datafield>
  <datafield tag="980" ind1=" " ind2=" ">
    <subfield code="a">RUSPER</subfield>
  </datafield>
</record>
